LDR 00781naa#a2200205#i#450# 001 EN\\bibl\126615 005 20260703003724.5 011 ## _a2222-7962 100 ## _a20260628b2026####ek#y0engy0150####ca 102 ## _aRU 200 1# _aRefining the reclamation process for forest lands damaged by geological exploration and mining of placer gold _eJournal article 210 1# _aVoronezh _cFSBE Institution of Higher Education Voronezh State University of Forestry and Technologies named after G.F. Morozov _d2026 215 ## _a17 с. 608 ## _aJournal article _2local 675 ## _aЛесное хозяйство. Лесоводство. 630 _z 700 #1 _aSharafutdinov _gRuslan A. 700 #1 _aPyzhev _gA. I. 700 #1 _aGordeev _gRoman V. 700 #1 _aMitev _gAleksandr R. 856 4# _anaukaru.ru _u